[Event "20ème Open international de La Réunion"]
[Site "Salle des fêtes de Bellepierre"]
[Date "2018.10.18"]
[Round "6.3"]
[White "Denoyelle, Arnaud"]
[Black "Anilkumar, N R."]
[Result "1-0"]
[WhiteElo "2229"]
[BlackElo "2334"]
[PlyCount "143"]
[EventDate "2018.??.??"]

1. d4 Nf6 2. Bg5 Ne4 3. Bf4 c5 4. f3 Qa5+ 5. c3 Nf6 6. Nd2 cxd4 7. Nb3 Qb6 8.
Qxd4 Nc6 9. Qxb6 axb6 10. Nd4 e5 11. Nxc6 exf4 12. Nd4 g6 13. g3 Bd6 14. Nb5
Bb8 15. gxf4 Bxf4 16. e3 Be5 17. Bh3 O-O 18. Ne2 Re8 19. Kf2 Ra4 20. Ned4 Kf8
21. a3 Nd5 22. Rae1 Ra5 23. c4 Nf6 24. Rd1 d5 25. Bxc8 Rxc8 26. cxd5 Nxd5 27.
Rd2 Re8 28. b4 Raa8 29. Nc2 Rac8 30. f4 Bb8 31. Rxd5 Rxc2+ 32. Kf3 Rb2 33. h4
Rb3 34. Re1 h6 35. h5 Rb2 36. hxg6 fxg6 37. Rd7 Re7 38. Rd8+ Re8 39. Rd7 Re7
40. Rd3 Rc2 41. Red1 Rc8 42. Rg1 Kf7 43. Rgd1 Rce8 44. Rd7 Rxd7 45. Rxd7+ Re7
46. Rd8 Re8 47. Rd5 Re7 48. e4 Ke8 49. e5 g5 50. fxg5 hxg5 51. Ke4 g4 52. Nd4
g3 53. Nf3 g2 54. Rd1 Rg7 55. Rg1 Kd7 56. Kf5 Rf7+ 57. Ke4 Rg7 58. Ne1 Rg5 59.
Nd3 Rg3 60. Nf4 Rg5 61. Nd3 Rg3 62. Nf4 Rg5 63. Rxg2 Rxe5+ 64. Kd3 Bd6 65. Rg7+
Kc6 66. Ne2 Be7 67. Nd4+ Kd7 68. Kc4 Ke8 69. Rh7 Kd7 70. Nb5 Rf5 71. Nc3 Ke8
72. Nd5 1-0

[Event "20ème Open international de La Réunion"]
[Site "Salle des fêtes de Bellepierre"]
[Date "2018.10.18"]
[Round "6.4"]
[White "Leveille, Francois"]
[Black "Gimenez Martinez, Alberto"]
[Result "1-0"]
[WhiteElo "2202"]
[BlackElo "2213"]
[PlyCount "105"]
[EventDate "2018.??.??"]

1. d4 d5 2. c4 e6 3. Nc3 Nf6 4. Nf3 Be7 5. Bg5 h6 6. Bh4 O-O 7. e3 b6 8. Bd3
Bb7 9. O-O dxc4 10. Bxc4 Nbd7 11. Qe2 Ne4 12. Bg3 Nxg3 13. hxg3 Bd6 14. Rfd1
Qe7 15. Ba6 Bxa6 16. Qxa6 c6 17. Rac1 Nb8 18. Qa4 Qb7 19. a3 a5 20. Qb3 Rd8 21.
Ne4 Bf8 22. Ne5 Ra7 23. Qc2 Rc8 24. Nc4 Rc7 25. Nc3 Nd7 26. e4 b5 27. Ne3 b4
28. Nb1 Nf6 29. a4 Ra8 30. d5 exd5 31. exd5 Rac8 32. d6 Rd7 33. Nc4 Qa6 34. Qf5
Ra8 35. Nbd2 Rad8 36. Nb3 Bxd6 37. Qxa5 Qb7 38. Qf5 Be7 39. Rxd7 Rxd7 40. Nca5
Qa7 41. Ra1 Qa6 42. Qc2 c5 43. Nc4 Nd5 44. a5 Qb5 45. Re1 Nc7 46. Nb6 c4 47.
Nxd7 Qxd7 48. Qxc4 Ne6 49. a6 Bf6 50. Qxb4 Bxb2 51. Qb8+ Kh7 52. a7 Bc3 53.
a8=Q 1-0

[Event "20ème Open international de La Réunion"]
[Site "Salle des fêtes de Bellepierre"]
[Date "2018.10.18"]
[Round "6.5"]
[White "Testud, Philippe"]
[Black "Roblet, Charles"]
[Result "1-0"]
[WhiteElo "2158"]
[BlackElo "2052"]
[PlyCount "41"]
[EventDate "2018.??.??"]

1. d4 Nf6 2. c4 c5 3. d5 b5 4. Qc2 d6 5. e4 g6 6. cxb5 Bg7 7. Nc3 O-O 8. Nf3 a6
9. a4 axb5 10. Bxb5 Ba6 11. Ra3 Nbd7 12. O-O Ne8 13. Re1 Nc7 14. Bc6 Rb8 15.
Bf4 Rb4 16. Rb3 Nb8 17. Rxb4 Nxc6 18. dxc6 cxb4 19. Nd5 e6 20. Nxb4 Bc8 21. Rd1
1-0

[Event "20ème Open international de La Réunion"]
[Site "Salle des fêtes de Bellepierre"]
[Date "2018.10.18"]
[Round "6.6"]
[White "Lorans, Sylvain"]
[Black "Ratsimikatry, Caryl Patrick"]
[Result "1-0"]
[WhiteElo "2177"]
[BlackElo "1782"]
[PlyCount "71"]
[EventDate "2018.??.??"]

1. d4 d5 2. Bf4 Nf6 3. e3 Bf5 4. c4 e6 5. Nc3 c6 6. Qb3 Qc8 7. Be2 Nbd7 8. Rc1
Be7 9. h3 Nb6 10. c5 Nbd7 11. Nf3 h6 12. Qd1 Qd8 13. b4 Ne4 14. Nxe4 Bxe4 15.
O-O O-O 16. Nd2 Bh7 17. Nb3 Nf6 18. b5 Rc8 19. a4 Qd7 20. bxc6 bxc6 21. Ba6 Ra8
22. Na5 Bd8 23. Qd2 Bc7 24. Be5 Rab8 25. Bxf6 gxf6 26. Qc3 Bxa5 27. Qxa5 Rb2
28. Qc3 Rfb8 29. Bb5 Ra2 30. Qb3 Rd2 31. Bxc6 Qc7 32. Bb5 Qa5 33. Qc3 Qxc3 34.
Rxc3 Ra2 35. c6 a6 36. c7 1-0

[Event "20ème Open international de La Réunion"]
[Site "Salle des fêtes de Bellepierre"]
[Date "2018.10.18"]
[Round "6.7"]
[White "Triton, Maxime"]
[Black "Bah, Ismael"]
[Result "1-0"]
[WhiteElo "1941"]
[BlackElo "1687"]
[PlyCount "35"]
[EventDate "2018.??.??"]

1. e4 b6 2. d4 Bb7 3. Bd3 e6 4. Nf3 c5 5. O-O c4 6. Bxc4 Bxe4 7. Nc3 Bb7 8. d5
Qc7 9. Qe2 a6 10. Bg5 Nf6 11. dxe6 dxe6 12. Bxe6 fxe6 13. Qxe6+ Be7 14. Ne5 Rf8
15. Rad1 Bc8 16. Nd5 Nxd5 17. Qxd5 Qb7 18. Qd8+ 1-0

[Event "20ème Open international de La Réunion"]
[Site "Salle des fêtes de Bellepierre"]
[Date "2018.10.18"]
[Round "6.8"]
[White "Rajaonson, Andriamahenina"]
[Black "Klein, Gernot"]
[Result "0-1"]
[WhiteElo "1822"]
[BlackElo "1904"]
[PlyCount "117"]
[EventDate "2018.??.??"]

1. f4 d5 2. Nf3 g6 3. g3 Bg7 4. Bg2 Nh6 5. O-O O-O 6. d3 d4 7. e4 dxe3 8. Nc3
Ng4 9. Qe2 c5 10. h3 Nh6 11. Bxe3 Qc7 12. g4 b6 13. Ne5 Bb7 14. Nd5 Qd6 15. c4
Kh8 16. d4 Na6 17. Rad1 Qe6 18. dxc5 bxc5 19. Qd2 Rad8 20. Nd3 Qd6 21. f5 Ng8
22. Qf2 e6 23. f6 Bh6 24. Bxh6 Nxh6 25. Qf4 Qxf4 26. N5xf4 Bxg2 27. Kxg2 Rd4
28. Ne5 Kg8 29. Rxd4 cxd4 30. a3 Nc5 31. b4 Ne4 32. Nfd3 Rd8 33. c5 Kf8 34. Rf4
Nc3 35. c6 g5 36. Rf1 Ng8 37. Nd7+ Ke8 38. N3e5 Rc8 39. Nc5 Nd5 40. Nxe6 Ne3+
41. Kg1 Nxf1 42. Kxf1 Nxf6 43. Nxd4 Nd5 44. Nf5 Rd8 45. Nd7 Nc7 46. a4 a6 47.
Ke2 Ra8 48. Kd3 Kd8 49. Ke4 Ra7 50. Ke5 Ra8 51. Kf6 Nd5+ 52. Kxg5 Nxb4 53. Ne5
Nd5 54. h4 f6+ 55. Kh6 fxe5 56. g5 Ra7 57. Ng7 e4 58. Kxh7 e3 59. Kg6 0-1

[Event "20ème Open international de La Réunion"]
[Site "Salle des fêtes de Bellepierre"]
[Date "2018.10.18"]
[Round "6.9"]
[White "Larmet, Nino"]
[Black "Rabe Andrianandrasan, Haingo"]
[Result "1-0"]
[WhiteElo "1786"]
[BlackElo "1860"]
[PlyCount "75"]
[EventDate "2018.??.??"]

1. d4 d5 2. Bf4 Nf6 3. e3 Bf5 4. c4 c6 5. Nc3 e6 6. Qb3 Qb6 7. c5 Qxb3 8. axb3
Nbd7 9. b4 Nh5 10. Bg3 Nxg3 11. hxg3 Be7 12. Nf3 O-O 13. b5 Bf6 14. b4 Rfb8 15.
bxc6 bxc6 16. b5 Nxc5 17. bxc6 Nd3+ 18. Bxd3 Bxd3 19. Kd2 Bc4 20. Rhb1 Rc8 21.
Rb7 a6 22. c7 Be7 23. Na4 a5 24. Nb6 Bb4+ 25. Kc2 Ba6 26. Nxc8 Bxb7 27. Nb6 Re8
28. Kb3 f6 29. Rc1 Bc8 30. Ne1 Bd2 31. Rd1 Bb4 32. Nd3 Bd6 33. Rc1 Kf7 34. Ka4
Ke7 35. Kxa5 h6 36. Nb4 Bxb4+ 37. Kxb4 Kd6 38. Kb5 1-0

[Event "20ème Open international de La Réunion"]
[Site "Salle des fêtes de Bellepierre"]
[Date "2018.10.18"]
[Round "6.10"]
[White "Rajaobelina, Hery"]
[Black "Dijoux, Julien"]
[Result "0-1"]
[WhiteElo "1646"]
[BlackElo "1831"]
[PlyCount "98"]
[EventDate "2018.??.??"]

1. e4 d6 2. d4 Nf6 3. f3 Nbd7 4. Be3 c6 5. Ne2 g6 6. Qd2 h6 7. g4 Bg7 8. Nbc3
b5 9. Ng3 Bb7 10. Bd3 Qa5 11. Nce2 Qxd2+ 12. Bxd2 a6 13. Ba5 e5 14. c3 Rc8 15.
O-O-O O-O 16. h4 Rfe8 17. Kb1 d5 18. g5 hxg5 19. hxg5 Nh7 20. exd5 cxd5 21.
dxe5 Nxe5 22. f4 Nxd3 23. Rxd3 d4 24. Rh2 dxc3 25. Bxc3 Bxc3 26. Nxc3 Re1+ 27.
Rd1 Rxc3 28. Rxe1 Rxg3 29. Re8+ Kg7 30. Rf2 Bd5 31. Re5 Rg1+ 32. Kc2 Bxa2 33.
f5 gxf5 34. b3 Bb1+ 35. Kb2 Nxg5 36. Re7 Be4 37. Ka3 a5 38. Ra7 a4 39. bxa4
bxa4 40. Rxa4 Ra1+ 41. Kb4 Rxa4+ 42. Kxa4 Kf6 43. Kb4 Ke5 44. Kc3 f4 45. Kd2 f3
46. Rh2 Kf4 47. Rh6 Kg3 48. Rf6 f2 49. Ke3 Bf3 0-1

[Event "20ème Open international de La Réunion"]
[Site "Salle des fêtes de Bellepierre"]
[Date "2018.10.18"]
[Round "6.11"]
[White "Desire, Michael"]
[Black "Le Maguet, Loan"]
[Result "1/2-1/2"]
[WhiteElo "1702"]
[BlackElo "1420"]
[PlyCount "120"]
[EventDate "2018.??.??"]

1. d4 Nf6 2. c4 g6 3. g3 Bg7 4. Bg2 O-O 5. e3 d6 6. Ne2 Nc6 7. Bd2 e5 8. d5 Ne7
9. Bc3 Nd7 10. b4 f5 11. O-O g5 12. f4 g4 13. Nd2 Ng6 14. e4 Nb8 15. Rc1 h5 16.
c5 h4 17. Nc4 hxg3 18. hxg3 Bh6 19. Rc2 exf4 20. Nxf4 Bxf4 21. gxf4 Rf7 22. Be1
fxe4 23. Bxe4 Nxf4 24. Rxf4 Rxf4 25. Qd4 Qf6 26. Qxf6 Rxf6 27. Rh2 Nd7 28. Bc3
Rf4 29. Rh8+ Kf7 30. Rh7+ Ke8 31. Bg6+ Kd8 32. cxd6 cxd6 33. Nxd6 Nf6 34. Rh8+
Kd7 35. Be5 Rf3 36. Bf7 Ke7 37. Bg6 Re3 38. Bf4 Nxd5 39. Nxc8+ Kf6 40. Bxe3
Nxe3 41. Be4 Rb8 42. Kf2 Nc4 43. Kg3 Kg7 44. Rh7+ Kf6 45. Bxb7 a5 46. b5 Ne5
47. Nd6 Ke6 48. Rh6+ Kd7 49. Ba6 Rb6 50. Bc8+ Kd8 51. Nf7+ Nxf7 52. Rxb6 Kxc8
53. Rc6+ Kb7 54. a4 Ne5 55. Re6 Nd3 56. Kxg4 Nc5 57. Re1 Nxa4 58. Rb1 Kb6 59.
Rb3 Nc5 60. Rb1 Ne6 1/2-1/2

[Event "20ème Open international de La Réunion"]
[Site "Salle des fêtes de Bellepierre"]
[Date "2018.10.18"]
[Round "6.12"]
[White "Evrin, Selvam"]
[Black "Calmels, Nicolas"]
[Result "1-0"]
[WhiteElo "1518"]
[BlackElo "1820"]
[PlyCount "83"]
[EventDate "2018.??.??"]

1. e4 e5 2. Nf3 Nf6 3. Nc3 Bb4 4. Bc4 Nc6 5. O-O a6 6. a3 Bc5 7. d3 h6 8. Be3
Bxe3 9. fxe3 d6 10. Qd2 Qe7 11. Nh4 g5 12. Nf5 Bxf5 13. Rxf5 O-O-O 14. Raf1 Nd7
15. Rxf7 Qe8 16. Qf2 h5 17. Qf5 g4 18. Be6 Ne7 19. Qg5 Nc6 20. Bxd7+ Rxd7 21.
Rxd7 Kxd7 22. Nd5 Kc8 23. Qg7 Qd8 24. Rf7 Rg8 25. Rxc7+ Kb8 26. Rxb7+ Ka8 27.
Nb6+ Qxb6 28. Rxb6 Rxg7 29. Rxc6 Rd7 30. Rxa6+ Kb7 31. Ra4 Rf7 32. b4 h4 33. g3
h3 34. b5 Rf3 35. Ra6 Kc7 36. Rc6+ Kd7 37. a4 Rxe3 38. Kf2 Rf3+ 39. Ke2 Rf8 40.
Ra6 Rc8 41. c4 Kc7 42. Rc6+ 1-0

[Event "20ème Open international de La Réunion"]
[Site "Salle des fêtes de Bellepierre"]
[Date "2018.10.18"]
[Round "6.13"]
[White "Pun Chung, Leo"]
[Black "Mezouaghi, Miloud"]
[Result "0-1"]
[WhiteElo "1458"]
[BlackElo "2022"]
[PlyCount "74"]
[EventDate "2018.??.??"]

1. e4 c5 2. Nf3 d6 3. d3 g6 4. g3 Bg7 5. Bg2 Nc6 6. c3 Nf6 7. O-O O-O 8. Re1
Qc7 9. d4 Bg4 10. h3 Bxf3 11. Bxf3 Rac8 12. Be3 Rfd8 13. Bg2 b5 14. d5 Na5 15.
Nd2 Nd7 16. Nf3 Nc4 17. Bc1 b4 18. cxb4 Nxb2 19. Bxb2 Bxb2 20. Rb1 Bc3 21. Re3
cxb4 22. h4 Qc4 23. Qb3 a5 24. Bf1 Qc7 25. Rc1 Nc5 26. Qb1 Rb8 27. Bc4 a4 28.
h5 Kg7 29. Qc2 Bf6 30. g4 g5 31. Rce1 Qd7 32. Nh2 Be5 33. f3 Bd4 34. Nf1 b3 35.
axb3 axb3 36. Qb1 b2 37. Kg2 Qa4 0-1

[Event "20ème Open international de La Réunion"]
[Site "Salle des fêtes de Bellepierre"]
[Date "2018.10.18"]
[Round "6.14"]
[White "Assie, Joel"]
[Black "Rebut, Paul"]
[Result "0-1"]
[WhiteElo "1381"]
[BlackElo "1718"]
[PlyCount "88"]
[EventDate "2018.??.??"]

1. d4 Nf6 2. Nf3 g6 3. c4 Bg7 4. Nc3 O-O 5. e4 d6 6. Be3 e5 7. d5 Ng4 8. Bg5
Bf6 9. Bxf6 Nxf6 10. h3 a5 11. Be2 Na6 12. a3 Nc5 13. Nd2 a4 14. O-O Nfd7 15.
b4 axb3 16. Nxb3 f5 17. exf5 Nxb3 18. Qxb3 Nc5 19. Qd1 gxf5 20. Qc2 Qg5 21. Kh2
Rf6 22. Rg1 f4 23. Bf3 Kh8 24. Ne4 Nxe4 25. Bxe4 Rh6 26. Bf3 Qh4 27. Rh1 Bxh3
28. Kg1 Rg8 29. Kf1 Qf6 30. Rxh3 Rxh3 31. gxh3 e4 32. Rb1 exf3 33. Qb2 Qxb2 34.
Rxb2 Ra8 35. Rb3 Ra4 36. Rc3 Kg7 37. Ke1 Kf6 38. Kd2 h5 39. Kd3 Ke5 40. h4 Ra8
41. Rb3 b6 42. Kc2 Rg8 43. Rxf3 Ke4 44. Rd3 Rg2 0-1

[Event "20ème Open international de La Réunion"]
[Site "Salle des fêtes de Bellepierre"]
[Date "2018.10.18"]
[Round "6.15"]
[White "Etheve, Lionel"]
[Black "Duprey, Francois-Xavier"]
[Result "0-1"]
[WhiteElo "1682"]
[BlackElo "1589"]
[PlyCount "52"]
[EventDate "2018.??.??"]

1. Nf3 Nf6 2. c4 g6 3. e3 Bg7 4. Be2 Nc6 5. d4 d5 6. Nbd2 O-O 7. O-O Re8 8. b3
e5 9. dxe5 Nxe5 10. Bb2 Nxf3+ 11. Bxf3 Be6 12. Rc1 c6 13. Qe2 Qa5 14. cxd5 cxd5
15. a4 Rac8 16. Rxc8 Rxc8 17. Rc1 Rxc1+ 18. Bxc1 Qc3 19. Qe1 Bf5 20. Kf1 Bf8
21. h3 Bb4 22. g4 Bc2 23. Bd1 Bd3+ 24. Be2 Ne4 25. f3 Nc5 26. h4 Nxb3 0-1

[Event "20ème Open international de La Réunion"]
[Site "Salle des fêtes de Bellepierre"]
[Date "2018.10.18"]
[Round "6.16"]
[White "Laoussing, Mathis"]
[Black "Frelicot, Eric"]
[Result "0-1"]
[WhiteElo "1421"]
[BlackElo "1666"]
[PlyCount "126"]
[EventDate "2018.??.??"]

1. e4 c5 2. c3 d5 3. exd5 Qxd5 4. d4 Nc6 5. Nf3 Nf6 6. Be3 cxd4 7. cxd4 e6 8.
Nc3 Bb4 9. a3 Bxc3+ 10. bxc3 O-O 11. c4 Qa5+ 12. Qd2 Qxd2+ 13. Nxd2 b6 14. Be2
Bb7 15. O-O Rfd8 16. Nb3 h6 17. Bf3 Na5 18. Bxb7 Nxb7 19. Rac1 Ng4 20. c5 bxc5
21. Nxc5 Nd6 22. h3 Nf6 23. g4 Nd5 24. Kg2 Rab8 25. Rb1 Rb6 26. Rxb6 axb6 27.
Nd3 Nc4 28. Kf3 Ndxe3 29. Rc1 Nxg4 30. Rxc4 Nf6 31. Ke3 Nd5+ 32. Ke4 Ra8 33. a4
Kf8 34. Nf4 Nxf4 35. Kxf4 Ke7 36. Rb4 Ra6 37. Ke4 Kd6 38. Kd3 g5 39. Kc4 Kc6
40. Kd3 f5 41. Ke3 Ra5 42. f4 Ra8 43. fxg5 hxg5 44. Rc4+ Kd5 45. Rb4 Kc6 46.
Rc4+ Kb7 47. Kf3 Rh8 48. Kg3 Rh4 49. Rb4 Ka6 50. Rc4 e5 51. Rc6 Rxd4 52. Rg6 g4
53. hxg4 Rxg4+ 54. Rxg4 fxg4 55. Kxg4 Ka5 56. Kf5 Kxa4 57. Kxe5 b5 58. Kd4 Kb3
59. Kd3 b4 60. Kd2 Kb2 61. Kd1 b3 62. Kd2 Ka2 63. Kc3 b2 0-1

[Event "20ème Open international de La Réunion"]
[Site "Salle des fêtes de Bellepierre"]
[Date "2018.10.18"]
[Round "6.17"]
[White "Ova, Roberto"]
[Black "Muller, Sebastien"]
[Result "1-0"]
[WhiteElo "1212"]
[BlackElo "1397"]
[PlyCount "109"]
[EventDate "2018.??.??"]

1. c4 c5 2. Nc3 g6 3. g3 Bg7 4. Bg2 Nc6 5. Nf3 a6 6. e3 d6 7. d4 cxd4 8. Nxd4
Bd7 9. Rb1 e5 10. Nf3 Bg4 11. Qa4 Nge7 12. O-O Nc8 13. Nxe5 Bxe5 14. Bxc6+ Bd7
15. Bxd7+ Qxd7 16. Qxd7+ Kxd7 17. Nd5 h5 18. h4 g5 19. f4 gxf4 20. exf4 Bd4+
21. Be3 Bg7 22. Rfd1 Rg8 23. Kf2 b5 24. cxb5 axb5 25. a3 Rb8 26. Bd4 b4 27.
Bxg7 Rxg7 28. Nxb4 Ne7 29. Rd3 Nf5 30. Nd5 Rg6 31. b4 Rb5 32. Nc3 Rb8 33. Rbd1
Rbg8 34. Ne4 Rc8 35. R1d2 Rc1 36. Rd5 Ke6 37. Ng5+ Kf6 38. Ra2 Rc3 39. Ne4+ Ke6
40. Nxc3 Rxg3 41. Rxf5 Rxc3 42. Rxh5 Rh3 43. Kg2 Re3 44. a4 Re4 45. Kf3 Rxb4
46. a5 f5 47. a6 Rb3+ 48. Ke2 Rh3 49. Ra5 Rh2+ 50. Kd3 Rh3+ 51. Kd4 Rh1 52. a7
Rd1+ 53. Kc3 Rc1+ 54. Kb2 Rc8 55. a8=Q 1-0

[Event "20ème Open international de La Réunion"]
[Site "Salle des fêtes de Bellepierre"]
[Date "2018.10.18"]
[Round "6.18"]
[White "Hoareau-Fontaine, Clement"]
[Black "Fondrat, Johan"]
[Result "0-1"]
[WhiteElo "1130"]
[BlackElo "1499"]
[PlyCount "52"]
[EventDate "2018.??.??"]

1. e4 e5 2. f4 exf4 3. Nf3 c6 4. Nc3 d5 5. exd5 cxd5 6. d4 Nf6 7. Bd3 Bd6 8.
Nb5 O-O 9. Nxd6 Qxd6 10. Ne5 Nc6 11. Bxf4 Qb4+ 12. Bd2 Qxd4 13. Nxc6 bxc6 14.
Bc3 Re8+ 15. Be2 Qh4+ 16. g3 Qe4 17. Rg1 Bg4 18. Qd3 Qxe2+ 19. Qxe2 Rxe2+ 20.
Kd1 Rg2+ 21. Ke1 Rxg1+ 22. Kf2 Rxa1 23. a3 Ne4+ 24. Ke3 Nxc3 25. bxc3 Rxa3 26.
Kf4 f5 0-1

[Event "20ème Open international de La Réunion"]
[Site "Salle des fêtes de Bellepierre"]
[Date "2018.10.18"]
[Round "6.19"]
[White "Padre, Maxime"]
[Black "Alfonsi, Romain"]
[Result "1-0"]
[WhiteElo "1353"]
[BlackElo "1173"]
[PlyCount "83"]
[EventDate "2018.??.??"]

1. Nf3 Nc6 2. b3 e5 3. Bb2 d6 4. e3 Bg4 5. Be2 Bxf3 6. Bxf3 Nf6 7. O-O g6 8.
Nc3 Bg7 9. Nd5 O-O 10. Nxf6+ Qxf6 11. Bd5 Rab8 12. f4 Qe7 13. f5 Nb4 14. Bc4 d5
15. Be2 Qd6 16. a3 Nc6 17. Bg4 d4 18. e4 d3 19. c3 Ne7 20. Qf3 f6 21. Kh1 g5
22. Qh3 h6 23. Bh5 Kh7 24. Rf3 Qc6 25. Qg4 Rbd8 26. Rg3 Rd6 27. a4 a6 28. Ba3
Rd7 29. Bxe7 Rxe7 30. Bg6+ Kg8 31. Re1 Rd8 32. Ree3 Red7 33. Qh5 b5 34. Be8
bxa4 35. Bxd7 Rxd7 36. bxa4 Qxa4 37. h3 Rd6 38. Qf3 Qc4 39. Rxd3 Rb6 40. Rd8+
Kf7 41. Qh5+ Ke7 42. Qe8# 1-0

[Event "20ème Open international de La Réunion"]
[Site "Salle des fêtes de Bellepierre"]
[Date "2018.10.18"]
[Round "6.20"]
[White "Mohamed, Keziah"]
[Black "Hermanns, Luis"]
[Result "0-1"]
[WhiteElo "1070"]
[BlackElo "1253"]
[PlyCount "60"]
[EventDate "2018.??.??"]

1. e4 e6 2. d4 d5 3. e5 c5 4. c3 Nc6 5. Nf3 cxd4 6. cxd4 Bb4+ 7. Bd2 Qb6 8.
Bxb4 Qxb4+ 9. Qd2 Nge7 10. Qxb4 Nxb4 11. Na3 O-O 12. Bb5 a6 13. Ba4 Nd3+ 14.
Ke2 Nxb2 15. Bc2 b5 16. Rac1 Nc4 17. Nxc4 dxc4 18. a4 Bb7 19. Rhd1 Bxf3+ 20.
gxf3 Rfd8 21. Ke3 Nd5+ 22. Kd2 Nb4 23. Bb1 Rxd4+ 24. Kc3 Rxd1 25. Rxd1 Nd5+ 26.
Kd4 g6 27. axb5 axb5 28. Be4 Rd8 29. Kc5 Rc8+ 30. Kxb5 Nc3+ 0-1

[Event "20ème Open international de La Réunion"]
[Site "Salle des fêtes de Bellepierre"]
[Date "2018.10.18"]
[Round "6.21"]
[White "Fautrel, Pierrick"]
[Black "Bosi-Lagarde, Arthur"]
[Result "1-0"]
[WhiteElo "1176"]
[BlackElo "1110"]
[PlyCount "49"]
[EventDate "2018.??.??"]

1. e4 e5 2. Nf3 Nc6 3. Bc4 Bc5 4. O-O Nf6 5. d3 O-O 6. Nc3 Nd4 7. Nxe5 Qe7 8.
Nf3 Nxf3+ 9. Qxf3 Qe5 10. Bf4 Qd4 11. Bxc7 d6 12. Na4 a6 13. c3 Qe5 14. d4 Qe7
15. Bb6 Bxb6 16. Nxb6 Qc7 17. Nxa8 Qxc4 18. b3 Qc6 19. e5 Qxf3 20. gxf3 Bh3 21.
Rfe1 dxe5 22. dxe5 Nd7 23. Nc7 Rc8 24. Nd5 Be6 25. Ne7+ 1-0

[Event "20ème Open international de La Réunion"]
[Site "Salle des fêtes de Bellepierre"]
[Date "2018.10.18"]
[Round "6.22"]
[White "Mablouke, Ulrich"]
[Black "Eric Andriana, Fitia"]
[Result "0-1"]
[WhiteElo "1460"]
[BlackElo "1186"]
[PlyCount "56"]
[EventDate "2018.??.??"]

1. e4 e5 2. Nc3 Nc6 3. f4 d6 4. f5 Nf6 5. a3 Bd7 6. Bc4 Ne7 7. g4 Bc6 8. d3 d5
9. g5 Nxe4 10. dxe4 dxc4 11. Qf3 Qd7 12. Be3 Nxf5 13. Rd1 Bd6 14. Nd5 Nxe3 15.
Nxe3 O-O-O 16. Nxc4 Qe6 17. Na5 Bc5 18. Ne2 Rxd1+ 19. Kxd1 Rd8+ 20. Kc1 Ba4 21.
Nc3 Bc6 22. Rf1 Rf8 23. Rd1 f5 24. Nxc6 Qxc6 25. Rd5 fxe4 26. Qxe4 Bd4 27. Nb5
Rf4 28. Qh1 Qc4 0-1

[Event "20ème Open international de La Réunion"]
[Site "Salle des fêtes de Bellepierre"]
[Date "2018.10.18"]
[Round "6.23"]
[White "Alex-Geerjanan, Nils"]
[Black "Leost, Joel"]
[Result "0-1"]
[WhiteElo "1015"]
[BlackElo "1350"]
[PlyCount "106"]
[EventDate "2018.??.??"]

1. e4 c5 2. Nf3 d6 3. Bc4 e6 4. Nc3 a6 5. d3 Nf6 6. O-O Be7 7. Bg5 O-O 8. Ne2
Nc6 9. Ng3 b5 10. Bb3 h6 11. Bxf6 Bxf6 12. Nh5 Be7 13. c4 b4 14. a3 a5 15. axb4
Nxb4 16. Qc1 e5 17. h3 Nxd3 18. Qd2 Nb4 19. Qe3 Bg5 20. Nxg5 Qxg5 21. Qxg5 hxg5
22. Rfe1 Nd3 23. Re2 Nf4 24. Nxf4 gxf4 25. g3 f3 26. Re3 Bxh3 27. Rxf3 Rfd8 28.
Ba4 Be6 29. Bc6 Rab8 30. Rxa5 Rxb2 31. Rfa3 Rb1+ 32. Kg2 Bxc4 33. Ra8 Rbb8 34.
R3a4 Be6 35. Rxb8 Rxb8 36. Ra8 Rxa8 37. Bxa8 f5 38. f3 fxe4 39. fxe4 Kf8 40.
Kf3 g5 41. Bd5 Bc8 42. Ke3 Ke7 43. Bg8 Kd8 44. Kd3 Kc7 45. Kc4 Ba6+ 46. Kd5 c4
47. Be6 c3 48. Bd7 Kxd7 49. g4 Bc8 50. Kc4 c2 51. Kd5 Bb7+ 52. Kc4 c1=Q+ 53.
Kd3 Ba6# 0-1

[Event "20ème Open international de La Réunion"]
[Site "Salle des fêtes de Bellepierre"]
[Date "2018.10.18"]
[Round "6.24"]
[White "Fautrel, Sebastien"]
[Black "Parame, Bruno"]
[Result "1-0"]
[WhiteElo "1110"]
[BlackElo "1399"]
[PlyCount "81"]
[EventDate "2018.??.??"]

1. c4 e5 2. Nf3 d6 3. Nc3 Nf6 4. d3 Bg4 5. g3 Bxf3 6. exf3 Nc6 7. Bg5 Be7 8. f4
exf4 9. Bxf4 Nd4 10. Be3 c5 11. Bg2 Rb8 12. O-O O-O 13. Bxd4 cxd4 14. Nd5 Nxd5
15. Bxd5 Bf6 16. Be4 Re8 17. Qh5 g6 18. Qd1 Qb6 19. Rb1 a5 20. a4 Qb4 21. b3
Bg7 22. Qe1 Qb6 23. Qd1 Qc7 24. Re1 b6 25. Rc1 Qe7 26. Qf3 f5 27. Bd5+ Kh8 28.
Rxe7 Rxe7 29. Qf4 Be5 30. Qg5 Rbe8 31. Bc6 Bg7 32. Bxe8 Rxe8 33. Kf1 Rc8 34.
Qe7 d5 35. Qf7 dxc4 36. Rxc4 Rf8 37. Qe7 Kg8 38. Qd7 h5 39. Rc7 Rf7 40. Qxf7+
Kh8 41. Qxg7# 1-0

[Event "20ème Open international de La Réunion"]
[Site "Salle des fêtes de Bellepierre"]
[Date "2018.10.18"]
[Round "6.25"]
[White "Vaast, Jean"]
[Black "Erudel, Maeva"]
[Result "1-0"]
[WhiteElo "1377"]
[BlackElo "1009"]
[PlyCount "61"]
[EventDate "2018.??.??"]

1. b4 e5 2. Bb2 Nc6 3. b5 Nce7 4. Bxe5 d6 5. Bb2 Nf6 6. e3 Nf5 7. Nf3 d5 8. a3
Bc5 9. d4 Bd6 10. Nbd2 b6 11. Bd3 Ne7 12. e4 Bf4 13. O-O Bb7 14. e5 Nd7 15. Nb3
O-O 16. Bc1 Bxc1 17. Qxc1 c5 18. bxc6 Nxc6 19. c3 Ne7 20. Qc2 Rc8 21. Bxh7+ Kh8
22. Bd3 a5 23. Rfe1 a4 24. Nc1 Bc6 25. Rb1 Rb8 26. Bb5 Bxb5 27. Rxb5 Qc8 28.
Ng5 g6 29. Qd3 Qc6 30. Qh3+ Kg7 31. Qh7# 1-0

[Event "20ème Open international de La Réunion"]
[Site "Salle des fêtes de Bellepierre"]
[Date "2018.10.18"]
[Round "6.26"]
[White "Erudel, Irina"]
[Black "Cavillot-Delestage, Raphael"]
[Result "0-1"]
[WhiteElo "1009"]
[BlackElo "1009"]
[PlyCount "78"]
[EventDate "2018.??.??"]

1. e4 e5 2. Nf3 Nc6 3. Bc4 Bc5 4. Ng5 Qxg5 5. O-O Qd8 6. Nc3 Nf6 7. d3 O-O 8.
Bg5 d6 9. Nb5 Bg4 10. Qc1 a6 11. Nc3 h6 12. Bh4 b5 13. Bb3 Nd4 14. Na4 Ne2+ 15.
Kh1 Nxc1 16. Raxc1 bxa4 17. Bxa4 Qb8 18. Bb3 g5 19. Bg3 Nh5 20. d4 Nxg3+ 21.
hxg3 Bxd4 22. c3 Bc5 23. Rb1 Be2 24. Bd5 Bxf1 25. Rxf1 c6 26. Bxc6 Ra7 27. Bd5
Qb6 28. f4 gxf4 29. gxf4 exf4 30. Rxf4 Be3 31. Rg4+ Bg5 32. e5 dxe5 33. Re4
Qxb2 34. Rd4 exd4 35. g3 Qc1+ 36. Kh2 Qc2+ 37. Bg2 Rb7 38. cxd4 Rb2 39. d5
Qxg2# 0-1

[Event "20ème Open international de La Réunion"]
[Site "Salle des fêtes de Bellepierre"]
[Date "2018.10.19"]
[Round "7.1"]
[White "Ramasindraibe, Girard"]
[Black "Testud, Philippe"]
[Result "0-1"]
[WhiteElo "2073"]
[BlackElo "2158"]
[PlyCount "139"]
[EventDate "2018.??.??"]

1. Nf3 Nf6 2. d4 e6 3. g3 d5 4. Bg2 Be7 5. O-O O-O 6. c4 dxc4 7. Ne5 Nc6 8.
Nxc6 bxc6 9. Bxc6 Rb8 10. Nc3 Bb7 11. Bxb7 Rxb7 12. e3 c5 13. Qf3 Nd5 14. Rd1
Rd7 15. Bd2 Nb4 16. Ne2 Nd3 17. Bc3 e5 18. d5 f5 19. e4 fxe4 20. Qxe4 Nxf2 21.
Qxe5 Bd6 22. Qe6+ Kh8 23. Ba5 Qc8 24. Rf1 Rf6 25. Qe3 Re7 26. Qd2 Qf5 27. Bc3
Qf3 28. Nf4 Bxf4 29. Rxf2 Bxd2 30. Rxf3 Rxf3 31. Bxd2 Re2 32. Bc3 Rd3 33. Rf1
Kg8 34. Rf5 g6 35. Rf2 Rxf2 36. Kxf2 Rxd5 37. Ke3 Kf7 38. Ke4 Ke6 39. h4 h5 40.
Kf4 Rf5+ 41. Ke4 Rf7 42. Be5 a5 43. Bc3 a4 44. a3 Rf5 45. Bd2 Re5+ 46. Kf4 Kd5
47. Bc3 Rf5+ 48. Ke3 Rf1 49. Ke2 Rg1 50. Kf3 Rd1 51. Ke3 Rf1 52. Ke2 Rc1 53.
Kf3 Ke6 54. Ke4 Rf1 55. Bd2 Rg1 56. Kf4 c3 57. Bxc3 Kd5 58. Bg7 Kc4 59. Be5
Rf1+ 60. Ke4 Re1+ 61. Kf4 Rxe5 62. Kxe5 Kb3 63. Kf6 Kxb2 64. Kxg6 c4 65. Kxh5
c3 66. g4 c2 67. g5 c1=Q 68. Kg6 Qc6+ 69. Kf7 Qc4+ 70. Kf6 0-1